| 000 | 01034nam a2200337Ia 4500 | ||
|---|---|---|---|
| 001 | Z_2476 | ||
| 003 | CHAP | ||
| 008 | 220113s1968 xx 000 0 und d | ||
| 010 | _a165530 | ||
| 020 | _a006-3100-50-9 | ||
| 040 | _cCHAP | ||
| 082 | _a545.1 A94 | ||
| 100 |
_aAyres, Gilbert H. _99023 |
||
| 245 |
_aAnálisis químico cuantitativo / _cGilbert H. Ayres; traducción y adaptación Santiago Vicente Pérez |
||
| 250 | _a2a ed. | ||
| 260 |
_aMéxico : _bHarla, _c1968 |
||
| 300 | _a740 p. | ||
| 500 | _aTraducción de la obra en inglés : Quantitative chemical analysis, 2a ed. 1968. | ||
| 503 | _aej.1: s/n \ ej.2: s/n \ ej.3: s/n \ ej.4: 123792 \ ej.5: s/n \ ej.6: 123791 \ ej.7: 123793 | ||
| 650 |
_aAnalisis cuantitativo _9139423 |
||
| 650 |
_aElectrolisis _936240 |
||
| 650 |
_aGravimetría _9139424 |
||
| 650 |
_aQuímica analítica _993582 |
||
| 700 |
_aVicente Pérez, Santiago, tr. _9139425 |
||
| 901 | _a545.1 A94 | ||
| 902 | _aM | ||
| 910 | _a1968 | ||
| 942 | _c1 | ||
| 942 | _cc1 | ||
| 999 |
_c165530 _d165530 |
||